000 00466nmm a2200169Ia 4500
008 251105s9999||||xx |||||||||||||||||und||
020 _a9788498168761
041 _aspa
100 _aValle-Inclán, Ramón María del
245 0 _aSonata de primavera
264 _a[Madrid, España] :
_bLinkgua,
_c2011
300 _a78 páginas
490 _aNarrativa
650 _aSpanish narrative
856 _uhttps://public.digitaliapublishing.com/a/16713
942 _cCF
999 _c91513
_d91513